संसाधन एवं पर्यावरण / (Record no. 27245)

MARC details
000 -LEADER
fixed length control field 01608nam a22003017a 4500
005 - DATE AND TIME OF LATEST TRANSACTION
control field 20090605103428.0
008 - FIXED-LENGTH DATA ELEMENTS--GENERAL INFORMATION
fixed length control field 090605t xxu||||| |||| 00| 0 hin d
010 ## - LCCN (DPL NO)
LC control number HIN-86813
020 ## - INTERNATIONAL STANDARD BOOK NUMBER
International Standard Book Number 9788170564867
Terms of availability 180.00
035 ## - SYSTEM CONTROL NUMBER
System control number HN-59159
037 ## - SOURCE OF ACQUISITION
Source of stock number/acquisition DBAD / PUB
040 ## - CATALOGING SOURCE
Original cataloging agency dpl
Language of cataloging hn
082 ## - DEWEY DECIMAL CLASSIFICATION NUMBER
Classification number 333.7
100 ## - MAIN ENTRY--PERSONAL NAME
Personal name गुर्जर, रामकुमार
245 ## - TITLE STATEMENT
Title संसाधन एवं पर्यावरण /
Statement of responsibility, etc रामकुमार गुर्जर एवं बी.सी.जाट
246 ## - VARYING FORM OF TITLE
Title proper/short title Sansaadhana evam pryaavaran
Remainder of title by Ramkumar Gurjar & B.C. Jat
250 ## - EDITION STATEMENT
Edition statement 6ठा संशो.एवं परिव. संस्क.
260 ## - PUBLICATION, DISTRIBUTION, ETC. (IMPRINT)
Place of publication, distribution, etc जयपुर
Name of publisher, distributor, etc पंचशील प्रकाशन
Date of publication, distribution, etc 2009
270 ## - ADDRESS
Address फ़िल्म कॉलोनी, चौड़ा रास्ता
City जयपुर
Postal code 302003
Telephone number 0141-2315072
Fax number 5113854
Electronic mail address info@panchsheelprakashan.com
300 ## - PHYSICAL DESCRIPTION
Extent 504पृ.
Other physical details नख्शे
Dimensions 22 सेमी (अजिल्द)
650 ## - SUBJECT ADDED ENTRY--TOPICAL TERM
Topical term or geographic name as entry element आर्थिक विकास
General subdivision पर्यावरण संबंधी परिपेक्ष्य
650 ## - SUBJECT ADDED ENTRY--TOPICAL TERM
Topical term or geographic name as entry element Economic development
General subdivision Environmental aspects
650 ## - SUBJECT ADDED ENTRY--TOPICAL TERM
Topical term or geographic name as entry element प्राकृतिक संसाधन
650 ## - SUBJECT ADDED ENTRY--TOPICAL TERM
Topical term or geographic name as entry element Natural resources
700 ## - ADDED ENTRY--PERSONAL NAME
Personal name जाट, बी.सी.
942 ## - ADDED ENTRY ELEMENTS (KOHA)
Source of classification or shelving scheme Dewey Decimal Classification
Item type Hindi Books
Call number suffix गुर्जर
Classification part 333.7
Holdings
Withdrawn status Lost status Source of classification or shelving scheme Damaged status Not for loan Home library Current library Date acquired Source of acquisition Cost, normal purchase price Total Checkouts Full call number Barcode Date last seen Copy number Cost, replacement price Koha item type
    Dewey Decimal Classification   Not For Loan D.B.Act.Division D.B.Act.Division 05/06/2009 DBAD / PUB 180.00   333.7 गुर्जर HN-59159 05/06/2009 1 180.00 Hindi Books

© Delhi Public Library
Hit Counter
free hit counter